Online
Catalog

Sistemas de bases de datos : (Record no. 22556)

MARC details
000 -CABECERA
campo de control de longitud fija 01201nam a2200301 a 4500
001 - NÚMERO DE CONTROL
campo de control 000023059
005 - FECHA Y HORA DE LA ÚLTIMA TRANSACCIÓN
campo de control 20240513194009.0
008 - DATOS DE LONGITUD FIJA--INFORMACIÓN GENERAL
campo de control de longitud fija 101125s1997 ag a 001 0 spa d
020 ## - NÚMERO INTERNACIONAL ESTÁNDAR DEL LIBRO
Número Internacional Estándar del Libro 0201653702
040 ## - FUENTE DE LA CATALOGACIÓN
Centro catalogador/agencia de origen DO-SdBNP
Lengua de catalogación spa
Centro/agencia transcriptor BNPHU
082 ## - NÚMERO DE LA CLASIFICACIÓN DECIMAL DEWEY
Número de clasificación 005.74
Número de documento/Ítem E48s, 1997
049 ## - FONDOS LOCALES (OCLC)
Fondos de biblioteca BNGR
100 1# - ENTRADA PRINCIPAL--NOMBRE DE PERSONA
Nombre de persona Elmasri, Ramez
9 (RLIN) 47463
240 10 - TÍTULO UNIFORME
Título uniforme Fundamentals of database systems.
Lenguaje de la obra Español
245 10 - MENCIÓN DE TÍTULO
Título Sistemas de bases de datos :
Resto del título conceptos fundamentales /
Mención de responsabilidad, etc. Ramez Elmasri, Shamkant B. Navathe; traducción de Roberto Escalona García ; colaboración de Felipe López Gamino y Arantza Illarramendi.
250 ## - MENCIÓN DE EDICIÓN
Mención de edición 2a ed.
260 ## - PUBLICACIÓN, DISTRIBUCIÓN, ETC.
Lugar de publicación, distribución, etc. Buenos Aires, Argentina :
Nombre del editor, distribuidor, etc. Addison Wesley Iberoamericana,
Fecha de publicación, distribución, etc. 1997.
300 ## - DESCRIPCIÓN FÍSICA
Extensión xxii, 887 p. :
Otras características físicas il. ;
Dimensiones 24 cm.
500 ## - NOTA GENERAL
Nota general Incluye índice de materias y vocabulario técnico bilingüe.
534 ## - NOTA SOBRE LA VERSIÓN ORIGINAL
Encabezamiento principal del original Título original:
Mención de título del original Fundamentals of database systems
650 #0 - PUNTO DE ACCESO ADICIONAL DE MATERIA--TÉRMINO DE MATERIA
Término de materia o nombre geográfico como elemento de entrada Administración de bases de datos
9 (RLIN) 47290
650 #4 - PUNTO DE ACCESO ADICIONAL DE MATERIA--TÉRMINO DE MATERIA
Término de materia o nombre geográfico como elemento de entrada Diseño de bases de datos
9 (RLIN) 47289
700 1# - PUNTO DE ACCESO ADICIONAL--NOMBRE DE PERSONA
Nombre de persona Navathe, Shamkant B.
9 (RLIN) 47464
700 1# - PUNTO DE ACCESO ADICIONAL--NOMBRE DE PERSONA
Nombre de persona Escalona García, Roberto,
Término indicativo de función/relación tr.
9 (RLIN) 45091
700 1# - PUNTO DE ACCESO ADICIONAL--NOMBRE DE PERSONA
Nombre de persona López Gamino, Felipe
9 (RLIN) 47465
700 1# - PUNTO DE ACCESO ADICIONAL--NOMBRE DE PERSONA
Nombre de persona Illarramendi, Arantza
9 (RLIN) 47466
910 ## - DATOS DE OPCIÓN DEL USUARIO (OCLC)
Datos de opción del usuario WM
Holdings
Estado de retiro Estado de pérdida Restricciones de uso No para préstamo Código de colección Localización permanente Ubicación/localización actual Ubicación en estantería Fecha de adquisición Número de inventario Total de préstamos Signatura topográfica completa Código de barras Fecha visto por última vez Precio válido a partir de Tipo de ítem Koha
        Monografías: Libros y Folletos General General Depósito 25.11.2010 LF1   005.74 E48s, 1997 23059-10 25.06.2020 25.06.2020 Préstamo en sala

Powered by Koha